| 000 | 00446cam a2200169u 4500 | ||
|---|---|---|---|
| 001 | unk83065157 | ||
| 003 | DLC | ||
| 005 | 20260227112800.0 | ||
| 008 | 840106q xx 000 0 ger | ||
| 010 | _aunk83065157 | ||
| 040 |
_aDLC _cCarP _dDLC |
||
| 050 | 0 | 0 |
_aHF308 _b.D95 |
| 110 | 2 | _aIndustrie- und Handelskammer Düsseldorf. | |
| 245 | 1 | 0 | _aMonatschrift der Handelskammer zu Düsseldorf. |
| 260 |
_aDusseldorf. _c[19-] |
||
| 300 |
_av. _bcm. |
||
| 999 |
_c91474 _d91474 |
||